| 000 | 00657nam a22002177a 4500 | ||
|---|---|---|---|
| 999 |
_c124056 _d124056 |
||
| 005 | 20181218123713.0 | ||
| 010 | _aB-121825 | ||
| 020 |
_c00.00 _a8126119217 |
||
| 035 | _aB-121825, B-121826 | ||
| 037 | _bCen Lib/Ret | ||
| 082 |
_a3271.1 _bSHA |
||
| 100 | _aSharma, Manoj | ||
| 245 |
_aDynamics of international politics / _cby Manoj Sharma |
||
| 260 |
_aNew Delhi _bAnmol Publications _c2004 |
||
| 270 |
_a4374/4B, Ansari Road, Daryaganj _bNew Delhi _e110002 |
||
| 300 |
_avii, 415p. _c21cm(Hb) |
||
| 650 | _aInternational political geography | ||
| 650 | _aEconomic development | ||
| 942 |
_2ddc _cEN _h3271.1 _mSHA |
||